Normal view
MARC view
- O.Douglas
Entry Personal Name
001 - CONTROL NUMBER
- control field: 111544
003 - CONTROL NUMBER IDENTIFIER
- control field: NUST
005 - DATE AND TIME OF LATEST TRANSACTION
- control field: 20230329114741.0
008 - FIXED-LENGTH DATA ELEMENTS
- fixed length control field: 230329|| aca||aabn | a|a d
040 ## - CATALOGING SOURCE
- Original cataloging agency: NUST
- Transcribing agency: NUST
100 ## - HEADING--PERSONAL NAME
- Personal name: O.Douglas
670 ## - SOURCE DATA FOUND
- Source citation: Work cat.: (NUST)190886: O.Douglas, People like ourselves /, 1938
